000 00456nam a2200181Ia 4500
003 GCL
008 140319s9999 xx 000 0 eng d
040 _aGCL /
_cGCL
082 0 4 _a940.18
_bG E
100 1 _aGROUSSET, RENE
245 1 0 _aL'EPOPEE DES CROISADES /
_cGROUSSET, RENE
260 _a[S.N] :
_bLIBRAIRIE ACADEMIQUE ،
_c1995
300 _a321 P
650 0 4 _aHISTORY
650 0 4 _aCRUSADES
650 0 4 _aCRUSADES - HISTORY
942 _2ddc
_cBK
999 _c15423
_d15423